| 000 | 00764nam a22001697a 4500 | ||
|---|---|---|---|
| 005 | 20250218172155.0 | ||
| 008 | 240822b ||||| |||| 00| 0 eng d | ||
| 082 | _aDPer 658.8 J826 October-December 2019 v. 116 n. 4-6 | ||
| 100 |
_aTignor, Stefanie M. _eauthor. _958861 |
||
| 245 |
_aThe meaning of guilt : _breconciling the past to inform the future / _cStefanie M. Tignor, and C. Randall Colvin. |
||
| 260 |
_aPhiladelphia ; _bAmerican Psychological Association, _cJune 2019. |
||
| 300 |
_avolume 116, pages 989-1010, _billustration. |
||
| 500 | _aJournal of Personality and Social Psychology, vol. 116, n. 6, pages 989-1010, June 2019. | ||
| 700 |
_aTignor, Stefanie M. _eauthor. _958861 |
||
| 700 |
_aColvin, C. Randall. _eauthor. _958862 |
||
| 942 |
_2ddc _cPER |
||
| 999 |
_c20830 _d20830 |
||